Statistiken für Liste der Formel-1-Weltmeister

Klicken Sie hier um das Quiz zu spielen!

Allgemein

  • Dieses Quiz wurde 1.052 mal gespielt
  • Das Durchschnittsergebnis liegt bei 18 aus 32

Antwortstatistiken

JahrName% Korrekt
1994; 1995, 2000 - 2004Michael Schumacher
99%
2010 + 2011Sebastian Vettel
94%
2008Lewis Hamilton
90%
1988, 1990 + 1991Ayrton Senna
88%
1975, 1977 + 1984Niki Lauda
88%
2005 + 2006Fernando Alonso
85%
1985, 1986, 1989 + 1993Alain Prost
74%
2009Jenson Button
74%
1998 + 1999Mika Häkkinen
70%
1996Damon Hill
69%
1951, 1954 - 1957Juan Manuel Fangio
68%
2007Kimi Räikkönen
67%
1982Keke Rosberg
66%
1997Jacques Villeneuve
59%
1992Nigel Mansell
55%
1976James Hunt
51%
1981, 1983 + 1987Nelson Piquet
50%
1969, 1971 + 1973Jackie Stewart
48%
1970Jochen Rindt
46%
1972 + 1974Emerson Fittipaldi
45%
1952 + 1953Alberto Ascari
42%
1959, 1960 + 1966Jack Brabham
41%
1950Giuseppe Farina
37%
1979Jody Scheckter
35%
1963 + 1965Jim Clark
34%
1978Mario Andretti
31%
1980Alan Jones
28%
1964John Surtees
26%
1967Denis Hulme
24%
1962 + 1968Graham Hill
24%
1958Mike Hawthorn
24%
1961Phil Hill
21%

Verteilung der Resultate

Perzentil nach korrekt beantworteten Fragen

Anzahl Personen mit jedem Resultat

Ihre Resultats-Entwicklung

Sie haben dieses Quiz noch nicht gespielt